| 000 | 00626nam a2200193Ia 4500 | ||
|---|---|---|---|
| 003 | GCL | ||
| 005 | 20240530103851.0 | ||
| 008 | 140319s9999 xx 000 0 ara d | ||
| 040 |
_aGCL / _cGCL |
||
| 082 | 0 | 4 |
_a349.602 _bع ن |
| 100 | 0 | _aعبدالمنعم فرج الصده | |
| 245 | 1 | 0 |
_aنظرية العقد فى قوانين البلاد العربية \ _cعبدالمنعم فرج الصده |
| 490 |
_aكتاب _v0 |
||
| 650 | 0 | 4 | _aالالتزامات |
| 650 | 0 | 4 | _aالقانون المقارن |
| 650 | 0 | 4 | _aالعقود (قانون مدنى) |
| 650 | 0 | 4 | _aالعقود (فقه إسلامى) |
| 942 |
_2ddc _cBK |
||
| 999 |
_c43091 _d43091 |
||